00793nam a2200217Ia 4500003000900000008004100009040001300050040001300063041000800076100002600084245013200110250002000242260001700262260000900279300001200288490004600300490000800346942000700354999001700361952019700378IT-RoPAU120407s9999 xx 000 0 und d aIT-RoPAU cIT-RoPAU aita aSalvatore Di Giacomo  aL’ignoto . Cocotte. Donna Clorinda . Quella delle ciliege. In “Narratori dell’Ottocento e del primo Novecento” Vol. IV  aMilano - Napoli aR. Ricciardi c1966 c22,5 cm a La letteratura Italiana .Storia e Testi  v644 cBK c14103d14103 00102ddc406858_36400000000000071aPAULUSbPAULUSd2012-04-11l0o858.364r2012-04-11 00:00:00w2012-04-11yBKzInserito da: Mario In data: 06 agosto 2011 fondo: Via A.Severo 56 Progr:17467